Detection of cytosine methylation and mapping of a gene influencing cytosine methylation in the genome of citrus (Record no. 56851)

MARC details
000 -LEADER
fixed length control field 00453nam a2200169Ia 4500
100 ## - MAIN ENTRY--AUTHOR NAME
Personal name Cai Q
245 #0 - TITLE STATEMENT
Title Detection of cytosine methylation and mapping of a gene influencing cytosine methylation in the genome of citrus
260 ## - PUBLICATION, DISTRIBUTION, ETC. (IMPRINT)
Name of publisher Genome
Year of publication 1996
300 ## - PHYSICAL DESCRIPTION
Number of Pages 235-242
650 ## - SUBJECT ADDED ENTRY--TOPICAL TERM
Topical Term Citrus grandis
650 ## - SUBJECT ADDED ENTRY--TOPICAL TERM
Topical Term PCR
650 ## - SUBJECT ADDED ENTRY--TOPICAL TERM
Topical Term RAPD
700 ## - ADDED ENTRY--PERSONAL NAME
Personal name Guy C L
700 ## - ADDED ENTRY--PERSONAL NAME
Personal name Moore G A
942 ## - ADDED ENTRY ELEMENTS (KOHA)
Koha item type Journals
Holdings
Withdrawn status Lost status Damaged status Not for loan Home library Current library Shelving location Date acquired Serial Enumeration / chronology Koha item type
      Journals RRII Library RRII Library RAPD 17/12/2021 Volume 39, Issue 2 Journals